Statistics for Countries With The Most Syrian People

Click here to take the quiz!

General Stats

  • This quiz has been taken 47 times
  • The average score is 24 of 30

Answer Stats

SyriansCountry% Correct
157,232Egypt
98%
650,000Saudi Arabia
98%
4,25 milTurkey
98%
1,05 milGermany
95%
350,000Iraq
95%
21,32 milSyria
95%
1,21 milLebanon
93%
286,200United States
93%
44,090France
90%
89,204Greece
88%
1,30 milJordan
88%
292,150Sweden
88%
250,000United Arab Emirates
88%
98,250Canada
83%
14,990Spain
83%
145,000Kuwait
80%
25,000Algeria
78%
4,08 milBrazil
78%
15,900Norway
78%
20,080Belgium
76%
115,000Israel
76%
53,495Netherlands
76%
2,00 milArgentina
73%
37,500Australia
71%
120,000Chile
68%
19,420Denmark
66%
72,000Austria
63%
271,500Sudan
56%
22,220Bulgaria
54%
1,00 milVenezuela
54%

Score Distribution

Percentile by Number Answered

Percent of People with Each Score

Your Score History

You have not taken this quiz